Statistics for Countries of Oceania by GDP

Click here to take the quiz!

General Stats

  • This quiz has been taken 53 times
  • The average score is 11 of 14

Answer Stats

GDP (Millions)Answer% Correct
1,188,764Australia
100%
174,875New Zealand
100%
8,374Fiji
90%
28,022Papua New Guinea
90%
1,198Solomon Islands
85%
1,046Samoa
83%
557Tonga
83%
723Vanuatu
78%
314Federated States of Micronesia
76%
276Palau
76%
211Kiribati
71%
180Marshall Islands
68%
150Nauru
68%
39Tuvalu
68%

Score Distribution

Percentile by Number Answered

Percent of People with Each Score

Your Score History

You have not taken this quiz